[Event "XXVII Torneo A di Capodanno"]
[Site "Reggio nell'Emilia ITA"]
[Date "1984.12.27"]
[Round "1"]
[White "Miles, Anthony John"]
[Black "Kurajica, Bojan"]
[WhiteElo "2565"]
[BlackElo "2530"]
[Result "0-1"]
[PlyCount "86"]
[EventDate "1984.12.27"]

1. c4 e5 2. e3 Nc6 3. Nc3 d6 4. d4 g6 5. Nf3 Bg7 6. dxe5 Nxe5 7. Be2 Nxf3+ 8.
Bxf3 Nf6 9. Qd2 Ng4 10. b3 Ne5 11. Be2 Qg5 12. f4 Qxg2 13. Rf1 Ng4 14. Nd5 Nxh2
15. Nxc7+ Kd7 16. Bg4+ Qxg4 17. Ba3 Qh4+ 18. Ke2 Qh5+ 19. Ke1 Bc3 20. Qxc3 Kxc7
21. Bxd6+ Kxd6 22. Qxh8 Qh4+ 23. Rf2 Ng4 24. Rd1+ Kc7 25. Rdd2 Qf6 26. Qf8 Nxf2
27. Qc5+ Kb8 28. Kxf2 a5 29. Rd6 Qh4+ 30. Ke2 Qh5+ 31. Qxh5 gxh5 32. Rf6 Ra6
33. Rxf7 Rh6 34. Kf2 h4 35. Kg1 h3 36. Kh2 Re6 37. f5 Rxe3 38. f6 Re2+ 39. Kg1
Bf5 40. Re7 h2+ 41. Kf1 Bd3 42. Rxh7 Rxa2+ 43. Ke1 Bxh7 0-1

[Event "XXVII Torneo A di Capodanno"]
[Site "Reggio nell'Emilia ITA"]
[Date "1984.12.28"]
[Round "2"]
[White "Mokry, Karel"]
[Black "Timman, Jan Hendrik"]
[WhiteElo "2470"]
[BlackElo "2650"]
[Result "1/2-1/2"]
[PlyCount "100"]
[EventDate "1984.12.27"]

1. e4 e6 2. d4 d5 3. Nc3 Bb4 4. Nge2 Nf6 5. e5 Nfd7 6. Qd3 O-O 7. a3 Be7 8. h4
c5 9. Qg3 Kh8 10. Be3 Nc6 11. O-O-O cxd4 12. Bxd4 f6 13. exf6 Bxf6 14. Bxf6
Qxf6 15. f4 Nb6 16. Qe1 Nc4 17. g3 b5 18. Ng1 Rb8 19. Bxc4 bxc4 20. Nf3 Rf7 21.
Qe3 Rfb7 22. Rxd5 Qe7 23. Rc5 Rxb2 24. Rd1 Bd7 25. Ne5 Nxe5 26. Qxe5 Ba4 27.
Rc8+ Rxc8 28. Kxb2 Qb7+ 29. Kc1 Rb8 30. Rd2 Qb2+ 31. Kd1 Bxc2+ 32. Ke2 Rg8 33.
Kf2 Qc1 34. Qe1 Qxe1+ 35. Kxe1 Bd3 36. Rb2 h6 37. Rb7 g5 38. hxg5 hxg5 39. Rxa7
gxf4 40. gxf4 Rg2 41. Rc7 Rc2 42. Nb5 Re2+ 43. Kd1 Re4 44. a4 Rxf4 45. a5 Rf5
46. Rb7 c3 47. Nxc3 Rxa5 48. Kd2 Bg6 49. Ke3 Rh5 50. Rc7 Kg8 1/2-1/2

[Event "XXVII Torneo A di Capodanno"]
[Site "Reggio nell'Emilia ITA"]
[Date "1985.01.02"]
[Round "7"]
[White "Kurajica, Bojan"]
[Black "Mokry, Karel"]
[WhiteElo "2530"]
[BlackElo "2470"]
[Result "1-0"]
[PlyCount "65"]
[EventDate "1984.12.27"]

1. d4 d5 2. c4 c6 3. e3 Nf6 4. Nc3 g6 5. cxd5 Nxd5 6. h4 h5 7. Bc4 Bg7 8. Qb3
e6 9. Nf3 Nd7 10. e4 Nxc3 11. bxc3 O-O 12. e5 c5 13. O-O cxd4 14. cxd4 Nb6 15.
Bg5 Qe8 16. Nd2 Bd7 17. Qb4 Bc6 18. Be7 Qd7 19. Bxf8 Bxf8 20. Qb2 Rd8 21. d5
exd5 22. Be2 Na4 23. Qc2 Nc5 24. Nb3 Ne6 25. f4 Bh6 26. g3 Ng7 27. a4 Qf5 28.
Nd4 Qh3 29. Rf3 Ne6 30. Rd1 Bf8 31. f5 gxf5 32. Nxe6 fxe6 33. Rd4 1-0